Kursus Induksi Umum Kumpulan Pengurusan & Profesional Dan Kumpulan Sokongan Gred 5 & 6

Bibliographic Details
Format: Book
Published: Bangi : Institut Penilaian Negara
Subjects:

MARC

LEADER 00000cam a2200000 7i4500
001 0000015613
005 20071025.0
040 |a INS 
090 0 0 |a AVO64 
245 1 0 |a Kursus Induksi Umum Kumpulan Pengurusan & Profesional Dan Kumpulan Sokongan Gred 5 & 6   |c Program Pengurusan Dan Komputer 
260 |a Bangi :   |b Institut Penilaian Negara 
300 |a 388ms ;   |c 30cm. 
650 0 0 |a Civil Services   |x Officcer and employees   |x Training of 
650 0 0 |a Employees   |x Training of   |z Malaysia 
651 0 |a INSPEN   |x Officials and employees   |x Training of 
999 |a AVO0000090   |b BOOK   |c Course Notes   |e Default branch